Score 0/28 Timer 02:00
0 Plays Today
Title 'S' Word % Correct
_____ Home AlabamaSweet
95.5%
Twist and _____Shout
94.6%
We Didn't _____ the FireStart
94.3%
Blue _____ ShoesSuede
93.6%
_____ By MeStand
90.6%
The _____ of MusicSound
90.3%
The _____ SenseSixth
90%
12 Years a _____Slave
89.8%
Empire _____ of MindState
89.7%
_____ in the Middle With YouStuck
89.6%
2001: A _____ OdysseySpace
88.5%
The NeverEnding _____Story
86.7%
The Fault in Our _____Stars
85.8%
Mona Lisa _____Smile
85.1%
Title 'S' Word % Correct
Whiter _____ of PaleShade
84.9%
_____ it OffShake
84.6%
_____ of a WomanScent
80.8%
The Men Who _____ at GoatsStare
80%
Mustang _____Sally
78.1%
_____ TrouperSuper
75.6%
Sultans of _____Swing
75.5%
_____ on the WaterSmoke
74.5%
Nights in White _____Satin
74%
_____ Nation ArmySeven
71.4%
The Perfect _____Storm
66%
The Right _____Stuff
65.2%
_____ Happy PeopleShiny
56.7%
_____ DogsStraw
27.1%

Today's Daily Dose

Missing Word
I Hardly Know Her!

Word Ladder
Sentence Ending

Quick Pick
Female Firsts

Get the Picture
Triathlon Sports

Remove Ads.
Support Sporcle.
Get the best of Sporcle when you Go Orange. This ad-free experience offers more features, more stats, and more fun while also helping to support Sporcle. Thank you for becoming a member.

You're not logged in!

Compare scores with friends on all Sporcle quizzes.
OR
Log In

Show Comments

Extras

Top Quizzes Today


Score Distribution

Your Account Isn't Verified!

In order to create a playlist on Sporcle, you need to verify the email address you used during registration. Go to your Sporcle Settings to finish the process.

Report this User

Report this user for behavior that violates our Community Guidelines.

Details: